000 01042cam a2200205 4500
001 ##L135349
008 061017n2006 000 0 eng u
035 _a(Sirsi) u135349
041 0 _aeng
050 0 4 _a338.9418
110 1 _aUnited Kingdom
_bDepartment of Trade and Industry
245 0 0 _aFinal Assisted Areas map published
_band good news for Areas left out
260 3 _aLondon
_bDTI
_c2006
520 _aDiscusses the UK government map of assisted areas, which shows the zones where businesses can apply for regional aid for the next seven years. Also looks at a new package of measures set up by the Government to help areas currently left off the map. Provides a link to the map and further details in the notes to editors section.
590 _aIKA031106
651 4 _aGREAT BRITAIN
690 _aENVIRONMENTAL AND LAND CONSULTANCY-PLANNING AND DEVELOPMENT-STRATEGIC PLANNING
856 4 0 _uhttps://www.whitehallpages.net/news/archive/7372
_zView the item free of charge at the www.whitehallpages.net website.
942 _n0
999 _c106016
_d106016